[Event "ch-city"]
[Site "Milanowek"]
[Date "2011.??.??"]
[Round "9.3"]
[White "Malec, Sebastian"]
[Black "Wojtowicz, Mieczyslaw"]
[Result "1-0"]
[WhiteElo "2167"]
[BlackElo "1737"]
[PlyCount "63"]
[EventDate "2011.??.??"]

1. e4 d6 2. d4 c6 3. Nc3 g6 4. Be3 Bg7 5. h3 Nf6 6. g4 h5 7. g5 Nh7 8. Bg2 e5
9. Nf3 Nd7 10. d5 c5 11. h4 Nb6 12. Nd2 a6 13. a4 Bd7 14. a5 Nc8 15. Nc4 Bb5
16. Nd2 O-O 17. Nxb5 axb5 18. b4 cxb4 19. Nb3 f5 20. exf5 gxf5 21. Qxh5 Qe8 22.
g6 Nf6 23. Qxf5 Nd7 24. Qe6+ Qxe6 25. dxe6 Nf6 26. Bxb7 Rb8 27. a6 Ne7 28. a7
Rxb7 29. a8=Q Rbb8 30. Qg2 Nh5 31. Qg5 Nf6 32. Ra7 1-0

[Event "ch-city"]
[Site "Milanowek"]
[Date "2011.??.??"]
[Round "9.4"]
[White "Dabrowski, Mikolaj"]
[Black "Goslawski, Michal"]
[Result "0-1"]
[WhiteElo "1434"]
[BlackElo "2033"]
[PlyCount "52"]
[EventDate "2011.??.??"]

1. e4 c5 2. Nf3 d6 3. d4 cxd4 4. Nxd4 Nf6 5. Nc3 a6 6. Be2 e6 7. O-O Be7 8. f4
Qc7 9. Kh1 O-O 10. Be3 Nbd7 11. Nb3 b5 12. a3 Bb7 13. Qd3 Rfd8 14. Rf3 Nc5 15.
Bxc5 dxc5 16. Qe3 c4 17. Nd4 Bc5 18. Rd1 Qb6 19. Rh3 Bxd4 20. Qg3 Bxc3 21. Qxc3
Rxd1+ 22. Bxd1 Rd8 23. Bf3 Qd4 24. Qe1 Bxe4 25. Bxe4 Qxe4 26. Qc1 Qe2 0-1

[Event "ch-city"]
[Site "Milanowek"]
[Date "2011.??.??"]
[Round "9.5"]
[White "Lasota, Adam"]
[Black "Staniak, Mariusz"]
[Result "1-0"]
[WhiteElo "1844"]
[BlackElo "1889"]
[PlyCount "83"]
[EventDate "2011.??.??"]

1. d4 Nf6 2. Nf3 b6 3. Bf4 Bb7 4. e3 e6 5. h3 Be7 6. Be2 O-O 7. O-O d6 8. c4
Nbd7 9. Nc3 a6 10. b4 Ne4 11. Nxe4 Bxe4 12. Nd2 Bg6 13. Bf3 Ra7 14. Nb3 e5 15.
Bh2 c5 16. bxc5 bxc5 17. dxc5 dxc5 18. Bd5 Nf6 19. Bxe5 Nxd5 20. Qxd5 Rd7 21.
Qc6 Re8 22. Nxc5 Bxc5 23. Qxc5 Rd2 24. Bd4 Qb8 25. Qb6 Qc8 26. c5 Be4 27. Qb4
Re2 28. f3 Bd3 29. Qc3 Qf5 30. Rf2 Qg6 31. Rxe2 Bxe2 32. Kf2 Bb5 33. Rc1 Re6
34. Qc2 Qg5 35. Kg1 Rh6 36. Qe4 Qd8 37. Qe5 Rg6 38. c6 Qc8 39. c7 h6 40. Kh2
Kh7 41. Qe7 Bd7 42. Qxd7 1-0

[Event "ch-city"]
[Site "Milanowek"]
[Date "2011.??.??"]
[Round "9.6"]
[White "Woloszyn, Piotr"]
[Black "Wyszomirski, Krzysztof"]
[Result "0-1"]
[WhiteElo "1664"]
[BlackElo "1728"]
[PlyCount "74"]
[EventDate "2011.??.??"]

1. c4 c5 2. Nf3 Nf6 3. Nc3 e6 4. e3 Nc6 5. d4 cxd4 6. exd4 d5 7. c5 Be7 8. Bd3
O-O 9. O-O b6 10. Bb5 Bd7 11. Ne5 Nxe5 12. dxe5 Bxb5 13. Nxb5 Nd7 14. cxb6 Qxb6
15. Qe2 Nxe5 16. Be3 Qb7 17. Bxa7 Nc4 18. a4 Rxa7 19. Nxa7 Qxa7 20. b3 Na5 21.
Qd3 Rb8 22. Rab1 Qb6 23. Kh1 h6 24. f4 Qd6 25. Rf3 Qc5 26. h3 d4 27. f5 e5 28.
Rg3 Qd5 29. Qa6 Kh7 30. Rf1 Bf6 31. Rff3 e4 32. Rxg7+ Bxg7 33. f6 exf3 34. Qd3+
Kg8 35. fxg7 Kxg7 36. Kg1 Rxb3 37. Qc2 Qc4 0-1

[Event "ch-city"]
[Site "Milanowek"]
[Date "2011.??.??"]
[Round "9.8"]
[White "Fraczek, Lukasz"]
[Black "Szustakowski, Antoni"]
[Result "1/2-1/2"]
[WhiteElo "1503"]
[BlackElo "1437"]
[PlyCount "91"]
[EventDate "2011.??.??"]

1. e4 c5 2. Nf3 Nc6 3. Bb5 g6 4. O-O Bg7 5. c3 a6 6. Bxc6 dxc6 7. d4 cxd4 8.
Nxd4 c5 9. Nb3 Qxd1 10. Rxd1 b6 11. Bf4 Bd7 12. Bc7 Ba4 13. Rd2 Bxb3 14. axb3
b5 15. Na3 Rc8 16. Bb6 Nf6 17. Rad1 O-O 18. f3 Bh6 19. Rd3 c4 20. bxc4 bxc4 21.
Rd8 Be3+ 22. Bxe3 Rcxd8 23. Rxd8 Rxd8 24. Nxc4 Nd7 25. Kf2 Rc8 26. Na3 Nc5 27.
b4 Na4 28. c4 Nb2 29. b5 axb5 30. Nxb5 Nd1+ 31. Ke2 Nxe3 32. Kxe3 Rxc4 33. Nd4
Kg7 34. Ne2 Ra4 35. Nf4 Ra3+ 36. Kf2 e6 37. Kg3 Ra6 38. Kf2 f5 39. exf5 exf5
40. Kg3 g5 41. Nd3 Kf6 42. h4 h6 43. hxg5+ hxg5 44. Nc5 Ra7 45. Nd3 Kg6 46.
Ne5+ 1/2-1/2

[Event "ch-city"]
[Site "Milanowek"]
[Date "2011.??.??"]
[Round "9.9"]
[White "Kolinski, Daniel"]
[Black "Kucharski, Jacek"]
[Result "1/2-1/2"]
[WhiteElo "1785"]
[BlackElo "1384"]
[Annotator "M"]
[PlyCount "63"]
[EventDate "2011.??.??"]

1. e4 e5 2. Nf3 Nc6 3. Bc4 Bc5 4. Nc3 Nf6 5. d3 d6 6. h3 Na5 7. Bb3 Nxb3 8.
axb3 a6 9. O-O h6 10. Kh1 Be6 11. d4 exd4 12. Nxd4 Qd7 13. Nxe6 Qxe6 14. f4 O-O
15. Qf3 c6 16. f5 Qe7 17. Qg3 Kh7 18. Qh4 Ng8 19. Qg4 Bd4 20. Ne2 Nf6 21. Qf3
Qxe4 22. Qxe4 Nxe4 23. Nxd4 Ng3+ 24. Kg1 Nxf1 25. Kxf1 Rae8 26. Bd2 Re4 27. Nf3
d5 28. Ra4 Rd8 29. Bc3 Re3 30. Kf2 Rde8 31. Ne5 R8xe5 32. Bxe5 $11 1/2-1/2

[Event "ch-city"]
[Site "Milanowek"]
[Date "2011.??.??"]
[Round "9.10"]
[White "Jarzebowski, Kacper"]
[Black "Wrzesinski, Gustaw"]
[Result "1-0"]
[WhiteElo "1237"]
[BlackElo "1342"]
[PlyCount "57"]
[EventDate "2011.??.??"]

1. e4 c5 2. Nf3 d6 3. d4 cxd4 4. Nxd4 Nf6 5. Nc3 g6 6. Be3 Bg7 7. f3 O-O 8. Qd2
Nc6 9. Be2 Bd7 10. O-O-O Qc7 11. g4 e5 12. Nxc6 Bxc6 13. h4 Rfd8 14. h5 a5 15.
hxg6 fxg6 16. Bc4+ Kh8 17. Bh6 Bxh6 18. Qxh6 Qg7 19. Qd2 Rdb8 20. Rh3 b5 21.
Bd5 Qc7 22. Rdh1 b4 23. Bxc6 bxc3 24. Qg5 cxb2+ 25. Kb1 Rf8 26. Qxg6 Rf7 27. g5
Rg8 28. Qh6 Qxc6 29. Qxf6+ 1-0

[Event "ch-city"]
[Site "Milanowek"]
[Date "2011.??.??"]
[Round "9.11"]
[White "Tomczyk, Ryszard"]
[Black "Kowalik, Pawel"]
[Result "0-1"]
[WhiteElo "1479"]
[BlackElo "1740"]
[PlyCount "128"]
[EventDate "2011.??.??"]

1. d4 Nf6 2. c4 g6 3. Nc3 Bg7 4. e4 d6 5. g3 O-O 6. h3 e5 7. d5 Nbd7 8. Bd3 Nc5
9. Bc2 a5 10. Be3 b6 11. Qd2 Ba6 12. b3 Qd7 13. a4 c6 14. g4 cxd5 15. exd5 Ne8
16. f4 exf4 17. Bxf4 Nf6 18. O-O-O Rfe8 19. Re1 Rxe1+ 20. Qxe1 Re8 21. Qg3 Bf8
22. Qf3 Qe7 23. Nge2 Nfe4 24. Rf1 Ng5 25. Qg2 Bg7 26. h4 Nge4 27. Nxe4 Nxe4 28.
g5 Bc8 29. Qf3 Bf5 30. Ng3 Nxg3 31. Bxg3 Bxc2 32. Kxc2 Qd7 33. Bf2 Rb8 34. Be3
Rb7 35. h5 Qe7 36. h6 Bh8 37. Qf2 Qe5 38. Kd1 Qc3 39. Re1 Re7 40. Qc2 Qb4 41.
Bd2 Rxe1+ 42. Kxe1 Qc5 43. Qe4 Be5 44. Qe3 Qc7 45. Bc3 Bxc3+ 46. Qxc3 Qe7+ 47.
Kd2 Qxg5+ 48. Kc2 Qxh6 49. Qd4 Qh2+ 50. Kc3 Qe5 51. Qxe5 dxe5 52. c5 bxc5 53.
Kc4 e4 54. d6 Kf8 55. Kxc5 Ke8 56. b4 e3 57. b5 e2 58. b6 e1=Q 59. b7 Qb4+ 60.
Kc6 Qxa4+ 61. Kc7 Qc4+ 62. Kb8 Kd7 63. Ka8 Qb5 64. Ka7 Kxd6 0-1